INDUSTRIAL PHARMACY -I (Record no. 32532)

MARC details
000 -LEADER
fixed length control field 00329nam a22001457a 4500
003 - CONTROL NUMBER IDENTIFIER
control field SGT
020 ## - INTERNATIONAL STANDARD BOOK NUMBER
International Standard Book Number 978-93-91910-29-7
082 ## - DEWEY DECIMAL CLASSIFICATION NUMBER
Classification number 615
Item number TRI
100 ## - MAIN ENTRY--PERSONAL NAME
Personal name TRIPATHI, D. K.
245 ## - TITLE STATEMENT
Title INDUSTRIAL PHARMACY -I
260 ## - PUBLICATION, DISTRIBUTION, ETC. (IMPRINT)
Place of publication, distribution, etc INDIA
Name of publisher, distributor, etc PHARMA MED PUB.
Year of Publication 2023
300 ## - PAGE DESCRIPTION
No. of Pages 525
650 ## - SUBJECT ADDED ENTRY--TOPICAL TERM
Topical term or geographic name as entry element INDUSTRIAL PHARMACY
942 ## - ADDED ENTRY ELEMENTS (KOHA)
Source of classification or shelving scheme Dewey Decimal Classification
Koha item type Books
Holdings
Withdrawn status Lost status Source of classification or shelving scheme Damaged status Not for loan Collection code Home library Current library Date acquired SGTU Total Checkouts Full call number Accession No. (Barcode) Date last seen Bill Date Koha item type
    Dewey Decimal Classification     SCIENCE SGT Science & Social Sciences Library SGT Science & Social Sciences Library 27/08/2025 SGTU   615 TRI DP197 27/08/2025 27/08/2025 Books